000
00323nam a2200145Ia 4500
003
OSt
008
191201s2004 xx 000 0 und d
082
_a
169
_b
KEE
100
_a
KELLY, John
245
4
_a
The Essence of Logic
260
_a
New Delhi
_b
PHI
_c
2004
300
_a
258
650
_a
General Books
942
_2
ddc
_c
BK
999
_c
1840
_d
1840